000 00575nam a2200181Ia 4500
008 100920s9999 xx 000 0 und d
082 _b70442
_a--- थ 97
100 _aदळवी श्रीकांत.
245 _aजीवन-मरण.
260 _bसाहित्य संपदा प्रकाशन, कल्याण.
_c1997
300 _a676
_bसाधी
365 _b250
520 _aकादंबरी.
630 _aजीवन-मरण.
650 _aकादंबरी.
730 _aजीवन-मरण.
942 _cBOOK
999 _c712455
_d712452